Globalization and Belonging / (Record no. 13803)
[ view plain ]
| 000 -LEADER | |
|---|---|
| fixed length control field | 01515cam a2200397 a 4500 |
| 001 - CONTROL NUMBER | |
| control field | 13882039 |
| 005 - DATE AND TIME OF LATEST TRANSACTION | |
| control field | 20160531115720.0 |
| 008 - FIXED-LENGTH DATA ELEMENTS--GENERAL INFORMATION | |
| fixed length control field | 050224s2005 enkb f b 001 0 eng |
| 010 ## - LIBRARY OF CONGRESS CONTROL NUMBER | |
| LC control number | 2005295935 |
| 015 ## - NATIONAL BIBLIOGRAPHY NUMBER | |
| National bibliography number | GBA465528 |
| Source | bnb |
| 016 7# - NATIONAL BIBLIOGRAPHIC AGENCY CONTROL NUMBER | |
| Record control number | 012986657 |
| Source | Uk |
| 020 ## - INTERNATIONAL STANDARD BOOK NUMBER | |
| International Standard Book Number | 0761949860 (pbk.) |
| 020 ## - INTERNATIONAL STANDARD BOOK NUMBER | |
| International Standard Book Number | 0761949852 (hbk.) |
| 035 ## - SYSTEM CONTROL NUMBER | |
| System control number | (OCoLC)ocm56654410 |
| 040 ## - CATALOGING SOURCE | |
| Original cataloging agency | UKM |
| Transcribing agency | UKM |
| Modifying agency | XLM |
| -- | C#P |
| -- | DLC |
| 042 ## - AUTHENTICATION CODE | |
| Authentication code | lccopycat |
| 050 00 - LIBRARY OF CONGRESS CALL NUMBER | |
| Classification number | HM753 |
| Item number | .S27 2005 |
| 082 00 - DEWEY DECIMAL CLASSIFICATION NUMBER | |
| Classification number | 307.76 |
| Edition number | 22 |
| Item number | SAV |
| 100 1# - MAIN ENTRY--PERSONAL NAME | |
| Personal name | Savage, Michael, |
| Dates associated with a name | 1959- |
| 9 (RLIN) | 13204 |
| 245 10 - TITLE STATEMENT | |
| Title | Globalization and Belonging / |
| Statement of responsibility, etc | Mike Savage, Gaynor Bagnall, Brian Longhurst. |
| 246 33 - VARYING FORM OF TITLE | |
| Title proper/short title | Globalization & belonging |
| 260 ## - PUBLICATION, DISTRIBUTION, ETC. (IMPRINT) | |
| Place of publication, distribution, etc | London ; |
| -- | Thousand Oaks, Calif. : |
| Name of publisher, distributor, etc | SAGE, 2005 |
| Date of publication, distribution, etc | 2005. |
| 300 ## - PHYSICAL DESCRIPTION | |
| Extent | xii, 233 p. : |
| Other physical details | maps ; |
| Dimensions | 24 cm. |
| 490 1# - Series Statement | |
| Series statement | Theory, culture & society |
| 504 ## - BIBLIOGRAPHY, ETC. NOTE | |
| Bibliography, etc | Includes bibliographical references (p. [215]-225) and indexes. |
| 650 #0 - SUBJECT ADDED ENTRY--TOPICAL TERM | |
| Topical term or geographic name as entry element | Group identity. |
| 9 (RLIN) | 13205 |
| 650 #0 - SUBJECT ADDED ENTRY--TOPICAL TERM | |
| Topical term or geographic name as entry element | Globalization. |
| 9 (RLIN) | 13206 |
| 650 #0 - SUBJECT ADDED ENTRY--TOPICAL TERM | |
| 9 (RLIN) | 13207 |
| Topical term or geographic name as entry element | Sociology, Urban |
| 700 1# - ADDED ENTRY--PERSONAL NAME | |
| Personal name | Bagnall, Gaynor. |
| 9 (RLIN) | 13208 |
| 700 1# - ADDED ENTRY--PERSONAL NAME | |
| Personal name | Longhurst, Brian, |
| Dates associated with a name | 1956- |
| 9 (RLIN) | 13209 |
| 830 #0 - SERIES ADDED ENTRY--UNIFORM TITLE | |
| Uniform title | Theory, culture & society (Unnumbered) |
| 9 (RLIN) | 13210 |
| 856 42 - ELECTRONIC LOCATION AND ACCESS | |
| Materials specified | Publisher description |
| Uniform Resource Identifier | <a href="http://www.loc.gov/catdir/enhancements/fy0657/2005295935-d.html">http://www.loc.gov/catdir/enhancements/fy0657/2005295935-d.html</a> |
| 856 41 - ELECTRONIC LOCATION AND ACCESS | |
| Materials specified | Table of contents only |
| Uniform Resource Identifier | <a href="http://www.loc.gov/catdir/enhancements/fy0657/2005295935-t.html">http://www.loc.gov/catdir/enhancements/fy0657/2005295935-t.html</a> |
| 942 ## - ADDED ENTRY ELEMENTS (KOHA) | |
| Source of classification or shelving scheme | Dewey Decimal Classification |
| Item type | Book - Borrowing |
| Withdrawn status | Item status | Source of classification or shelving scheme | Damaged status | Not for loan | Vendor | Home library | Current library | Shelving location | Date acquired | Source of acquisition | Cost, normal purchase price | Serial Enumeration / chronology | Total Checkouts | Total Renewals | Full call number | Barcode | Date last seen | Date last borrowed | Koha item type |
|---|---|---|---|---|---|---|---|---|---|---|---|---|---|---|---|---|---|---|---|
| Dewey Decimal Classification | Baccah | Central Library | Central Library | First floor | 28/03/2010 | 240.00 | 9836 | 2 | 1 | 307.76 SAV | 000020482 | 15/07/2025 | 17/11/2013 | Book - Borrowing |